000 00403nam a2200157 i 4500
001 55061
003 ES-MaACL
005 20230906163056.0
007 t|
008 030911s1972 sp ||||1| spa d
100 1 _aDelgado, Teófilo.
_943436
245 1 0 _aMi abogado /
_cTeófilo Delgado.
260 _aMadrid :
_bTebas,
_c[1972]
300 _a931 p. ;
_c24 cm.
852 _aES-MaACL
_jC-50239
_bR.85092
999 _c55061
_d55061